000 01099nam a2200301 4500
003 EC-UNACH
005 20251201144338.0
006 s||||gr|||| 00| 00
008 150116t9999 mx r gr 000 0 spa d
020 _a978-9978-67-235-8
040 _aEC-UNACH
_cEC-UNACH
041 _aspa
082 0 4 _223
_a305.42
_bL018409
110 _aFlacso
245 _aNiñez indígena en migración derechos en riesgo y tramas culturales
250 _aPrimera edición
264 _aEcuador
_bFlacso
_c2010
300 _a311
505 _aIntroducción / Alicia Torres -- Del Altiplano al Río de la Plata: la migración Aymara desde la Paz a Buenos Aires / Sergio Caggiano -- Los kichwa-otavalos en Bogotá / Luz Piedad Caicedo -- "Migrantes" Mam entre San Marcos (Guatemala) y Chiapas (México -- Referencia de autores.)
650 _aLOS KICHWA-OTAVALOS EN BOGOTA
650 _aMIGRANTES
650 _aPERSPECTIVA REGIONAL
700 _aAlicia Torres P
942 _2ddc
_c1
999 _c14235